00810nam a2200169Ia 4500001000700000008004100007020001800048082001600066100003500082245016600117260015700283300001100440503001000451504002700461650010000488700005200588Z_6038220601s9999 xx 000 0 und d a968-884-297-4 a338.763 M861 aMuñoz Rodríguez, Manrrubio aVisión y misión agroempresarial: qué hacer hoy, para la agricultura del mañana / Manrrubio Muñoz Rodríguez; coautor Vinicio Horacio Santoyo Cortés aMéxico : Universidad Autónoma Chapingo; Centro de Investigaciones Económicas, Sociales y Tecnológicas de la Agricultura y Agroindustria Mundial a297 p. aej.1: aIncluye bibliografía a1.Empresas agrícolas 2.Instituciones financieras 3.Modalidades de asociación 4.Agronegocios aI. Santoyo Cortés, Vinicio Horacio, coaut.Ì